书目信息 |
| 题名: |
Origin 8.O应用实例详解
|
|
| 作者: | 于成龙 , 郝欣 , 沈清 编著 | |
| 分册: | ||
| 出版信息: | 北京 化学工业出版社 2010.01 |
|
| 页数: | 271页 | |
| 开本: | 25cm | |
| 丛书名: | ||
| 单 册: | ||
| 中图分类: | O245 | |
| 科图分类: | ||
| 主题词: | 数值计算--应用软件 | |
| 电子资源: | ||
| ISBN: | 978-7-122-06870-5 | |
| 000 | 01211nam0 2200265 450 | |
| 001 | 0011268936 | |
| 005 | 20100508092550.71 | |
| 010 | @a978-7-122-06870-5@dCNY36.00 | |
| 100 | @a20100515d2010 em y0chiy0110 ea | |
| 101 | 0 | @achi |
| 102 | @aCN@b110000 | |
| 105 | @aa a 000yy | |
| 200 | 1 | @aOrigin 8.O应用实例详解@AOrigin 8.O ying yong shi li xiang jie@f于成龙, 郝欣, 沈清编著@Fyu cheng long,hao xin,shen qing bian zhu |
| 210 | @a北京@c化学工业出版社@d2010.01 | |
| 215 | @a271页@c图@d25cm | |
| 320 | @a有书目 (第271页) | |
| 330 | @a本书从实用角度出发,以基础知识与大量典型实例相结合的形式,根据作者多年的一线教学和培训经验,详细地介绍了Origin 8.0的绘图和数据分析方法。本书由浅入深、循序渐进地介绍了Origin 8.0的基本功能,如二维、三维图形的绘制,图层的应用,数据分析基础及过程,曲线拟合与数学建模以及图像处理。此外,还介绍了Origin 8.0与Excel等软件的数据交换与链接方法。本书内容翔实,实用性强。通过对该软件的全面介绍,使读者用最短的时间掌握Origin 8.0的功能。 | |
| 606 | 0 | @a数值计算@x应用软件 |
| 610 | 0 | @aOrigin 8.O |
| 690 | @aO245@v4 | |
| 701 | 0 | @a于成龙@Ayu cheng long@4编著 |
| 701 | 0 | @a郝欣@Ahao xin@4编著 |
| 701 | 0 | @a沈清@Ashen qing@4编著 |
| 801 | 0 | @aCN@c20100515 |
| 905 | @dO245@eY700@f3 | |
| Origin 8.O应用实例详解/于成龙, 郝欣, 沈清编著.-北京:化学工业出版社,2010.01 |
| 271页:图;25cm |
| ISBN 978-7-122-06870-5:CNY36.00 |
| 本书从实用角度出发,以基础知识与大量典型实例相结合的形式,根据作者多年的一线教学和培训经验,详细地介绍了Origin 8.0的绘图和数据分析方法。本书由浅入深、循序渐进地介绍了Origin 8.0的基本功能,如二维、三维图形的绘制,图层的应用,数据分析基础及过程,曲线拟合与数学建模以及图像处理。此外,还介绍了Origin 8.0与Excel等软件的数据交换与链接方法。本书内容翔实,实用性强。通过对该软件的全面介绍,使读者用最短的时间掌握Origin 8.0的功能。 |
| ● |
| 相关链接 |
|
|
|
正题名:Origin 8.O应用实例详解
索取号:O245/Y700
 
预约/预借
| 序号 | 登录号 | 条形码 | 馆藏地/架位号 | 状态 | 备注 |
| 1 | 981027 | 209810276 | 自科库401/401自科库 50排2列4层/ [索取号:O245/Y700] | 在馆 | |
| 2 | 981028 | 209810285 | 自科库401/ [索取号:O245/Y700] | 在馆 | |
| 3 | 981029 | 209810294 | 自科库401/401自科库 50排2列4层/ [索取号:O245/Y700] | 在馆 |